Rural development putting the last first (Record no. 11089)

000 -LEADER
fixed length control field 00264nam a22001097a 4500
040 ## - CATALOGING SOURCE
Transcribing agency HS
082 ## - DEWEY DECIMAL CLASSIFICATION NUMBER
Classification number 307 ROB 1983 C086
100 ## - MAIN ENTRY--AUTHOR NAME
Personal name ROBERT CHAMBERS
245 ## - TITLE STATEMENT
Title Rural development putting the last first
260 ## - PUBLICATION, DISTRIBUTION, ETC. (IMPRINT)
Place of publication New York
Name of publisher ROBERT CHAMBERS
Year of publication 1983
942 ## - ADDED ENTRY ELEMENTS (KOHA)
Koha item type សៀវភៅភាសាអង់គ្លេស
952 ## - LOCATION AND ITEM INFORMATION (KOHA)
Withdrawn status [LOCAL, KOHA] 0
Holdings
Permanent Location Date acquired Koha item type Lost status Shelving location Barcode Current Location Full call number
Library Block C2017-02-15សៀវភៅភាសាអង់គ្លេស C192A05667Library Block C307 ROB 1983 C192
មជ្ឈមណ្ឌលឯការនៃសាកលវិទ្យាល័យភូមិន្ទកសិកម្មចំការដូង

Powered by Koha